Central Library and Information Centre
Sibsagar Girls' College, Sivasagar : Assam

SYLLABI FOR HIGHER SECONDARY COURSE SCIENCE (Record no. 7878)

MARC details
000 -LEADER
fixed length control field 00372cam a2200157ua 4500
008 - FIXED-LENGTH DATA ELEMENTS--GENERAL INFORMATION
fixed length control field 120721n II |||gr||||Z||||||eng
040 ## - CATALOGING SOURCE
Original cataloging agency MAIN
041 ## - LANGUAGE CODE
-- English
082 ## - DEWEY DECIMAL CLASSIFICATION NUMBER
Classification number 080
100 ## - MAIN ENTRY--PERSONAL NAME
Personal name JYOTI PRAKASHAN.
245 ## - TITLE STATEMENT
Title SYLLABI FOR HIGHER SECONDARY COURSE SCIENCE
260 ## - PUBLICATION, DISTRIBUTION, ETC.
Place of publication, distribution, etc. NEW DELHI
Name of publisher, distributor, etc. S.CHAND & COMPANY
300 ## - PHYSICAL DESCRIPTION
Extent 104:
Dimensions 15CM.
942 ## - ADDED ENTRY ELEMENTS (KOHA)
Koha item type Books
Holdings
Withdrawn status Lost status Damaged status Not for loan Collection code Home library Current library Shelving location Date acquired Full call number Barcode Date last seen Copy number Price effective from Koha item type
Withdrawn       TBSOC Central Library and Information Centre Sibsagar Girls College Central Library and Information Centre Sibsagar Girls College Location Not Found 23.06.1998 080 15237 27.02.2020 1 27.02.2020 Books


Sibsagar Girl's College © 2020. All rights reserved.
Powered by Koha.
Maintained by Abhijit Borpuzari.